000
00187 a2200097 4500
020
_a
9780152553432
041
_a
spa
100
_a
Ehlert, Lois
245
_a
Un lazo a la Luna
942
_c
BK
999
_c
15300
_d
15300